01942cam a2200373 i 450000100090000000300090000900500170001800800410003502000250007603500200010104000430012108200190016410000280018324501170021126400720032826400100040030000610041033600260047133700280049733800270052550400510055252005350060365000390113865000310117765000330120865000450124165100100128665300210129665500170131770000550133494200120138999900170140195201500141818678289EG-ScBUE20260125091939.0150618t2016 nyua frb 001 0 eng d a9780815345046 (pbk.) a(DNLM)101661349 aDNLM/DLCbengerdacDLCdDLCdEG-ScBUE04a572.8bZLA2221 aZlatanova, J.,eauthor.10aMolecular biology :bstructure and dynamics of genomes and proteomes /cJordanka Zlatanova, Kensal E. van Holde. 1a[New York, NY] : bGarland Science, Taylor & Francis Group,c[2016] 4cc2016 axix, 624 pages :billustrations (chiefly color) ;c28 cm 2rdacontentatextbtxt aunmediated2rdamediabn avolumebnc2rdacarrier aIncludes bibliographical references and index. aMolecular Biology: Structure and Dynamics of Genomes and Proteomes illustrates the essential principles behind the transmission and expression of genetic information at the level of DNA, RNA, and proteins. This textbook emphasizes the experimental basis of discovery and the most recent advances in the field while presenting a structural, mechanistic understanding of molecular biology that is rigorous, yet concise. The text is written for advanced undergraduate or graduate-level courses in molecular biology.--From back cover. 7aMolecular Biologyxmethods.2BUEsh 7aGenomexphysiology.2BUEsh 7aProteomexphysiology.2BUEsh 7aTranscription, Geneticxgenetics.2BUEsh 2BUEsh bPPhrmcMarch2019 vReading book1 aVan Holde, K. E.q(Kensal Edward),d1928-eauthor. 2ddccBB c27292d27263 00102ddc40708BaccahaMAINbMAINc1STd2019-03-25ePurchaseg980.00l2m34o572.8 ZLAp000044472r2025-07-15 00:00:00s2021-10-24v1225.00yBB